| 000 | 00723nam a22002297a 4500 | ||
|---|---|---|---|
| 003 | OSt | ||
| 005 | 20240924092000.0 | ||
| 008 | 240924b |||||||| |||| 00| 0 eng d | ||
| 020 | _a9780071283175 | ||
| 040 |
_aDWCL-main lib. _cOC |
||
| 082 | _aCirc. 657 M367a 2008 | ||
| 100 | _aMARSHALL, DAVID H. | ||
| 245 |
_aAccounting : what the numbers mean / _cDavid H. Marshall, Daniel F. Viel, Wayne W. McManus. |
||
| 250 | _aEighth edition. | ||
| 260 |
_aBoston : _bMcGraw-Hill/Irwin, _cc2008. |
||
| 300 |
_axx, 742 pages : _bcolor illustrations ; _c25 cm. |
||
| 504 | _aIncludes index. | ||
| 650 | _aAccounting | ||
| 700 | _aViel, Daniel F. | ||
| 700 | _a McManus, Wayne W. | ||
| 942 |
_2ddc _cBK-CIRC _kCirc. 657 M367a 2008 _n0 |
||
| 999 |
_c3091 _d3091 |
||